ARRUPE JESUIT UNIVERSITY

CORONAVIRUS -STOP THE SPREAD - CLEAN,DISINFECT,COVER

James and Jude / (Record no. 118226)

MARC details
000 -LEADER
fixed length control field 01367cam a22003374a 4500
001 - CONTROL NUMBER
control field 13343639
003 - CONTROL NUMBER IDENTIFIER
control field ARRUPE
005 - DATE AND TIME OF LATEST TRANSACTION
control field 20131002111319.0
008 - FIXED-LENGTH DATA ELEMENTS--GENERAL INFORMATION
fixed length control field 030915s2004 enk b 001 0 eng
010 ## - LIBRARY OF CONGRESS CONTROL NUMBER
LC control number 2003060535
020 ## - INTERNATIONAL STANDARD BOOK NUMBER
International Standard Book Number 0521814820
020 ## - INTERNATIONAL STANDARD BOOK NUMBER
International Standard Book Number 0521892015 (pbk.)
040 ## - CATALOGING SOURCE
Original cataloging agency DLC
Transcribing agency DLC
Modifying agency DLC
042 ## - AUTHENTICATION CODE
Authentication code pcc
050 00 - LIBRARY OF CONGRESS CALL NUMBER
Classification number BS2785.53
Item number .B76 2004
300 ## - PHYSICAL DESCRIPTION
Dimensions 24 cm.
100 1# - MAIN ENTRY--PERSONAL NAME
Personal name Brosend, William F.
Fuller form of name (William Frank),
Dates associated with a name 1954-
9 (RLIN) 2012
245 10 - TITLE STATEMENT
Title James and Jude /
Statement of responsibility, etc William F. Brosend II.
246 18 - VARYING FORM OF TITLE
Title proper/short title James & Jude
260 ## - PUBLICATION, DISTRIBUTION, ETC. (IMPRINT)
Place of publication, distribution, etc Cambridge, U.K. ;
-- New York :
Name of publisher, distributor, etc Cambridge University Press,
Date of publication, distribution, etc 2004.
300 ## - PHYSICAL DESCRIPTION
Extent xv, 206 p. ;
440 #0 - SERIES STATEMENT/ADDED ENTRY--TITLE
Title New Cambridge Bible commentary
9 (RLIN) 2013
504 ## - BIBLIOGRAPHY, ETC. NOTE
Bibliography, etc Includes bibliographical references and indexes.
630 00 - SUBJECT ADDED ENTRY--UNIFORM TITLE
Uniform title Bible N.T.
Name of part/section of a work James
Form subdivision Commentaries.
9 (RLIN) 2014
630 00 - SUBJECT ADDED ENTRY--UNIFORM TITLE
Uniform title Bible N.T.
Name of part/section of a work Jude
Form subdivision Commentaries.
9 (RLIN) 2015
856 41 - ELECTRONIC LOCATION AND ACCESS
Materials specified Sample text
Uniform Resource Identifier <a href="http://www.loc.gov/catdir/samples/cam041/2003060535.html">http://www.loc.gov/catdir/samples/cam041/2003060535.html</a>
856 42 - ELECTRONIC LOCATION AND ACCESS
Materials specified Publisher description
Uniform Resource Identifier <a href="http://www.loc.gov/catdir/description/cam041/2003060535.html">http://www.loc.gov/catdir/description/cam041/2003060535.html</a>
856 41 - ELECTRONIC LOCATION AND ACCESS
Materials specified Table of contents
Uniform Resource Identifier <a href="http://www.loc.gov/catdir/toc/cam041/2003060535.html">http://www.loc.gov/catdir/toc/cam041/2003060535.html</a>
906 ## - LOCAL DATA ELEMENT F, LDF (RLIN)
a 7
b cbc
c orignew
d 1
e ocip
f 20
g y-gencatlg
942 ## - ADDED ENTRY ELEMENTS (KOHA)
Source of classification or shelving scheme Library of Congress Classification
Koha item type Monograph ( Printed materials)
Holdings
Withdrawn status Lost status Source of classification or shelving scheme Damaged status Not for loan Home library Current library Shelving location Date acquired Total Checkouts Full call number Barcode Date last seen Date checked out Price effective from Koha item type
    Library of Congress Classification     ARRUPE LIBRARY ARRUPE LIBRARY Main Collection 02/10/2013 3 BS2785.53 .B76 2004 46410671 05/07/2024 04/07/2024 02/10/2013 Monograph ( Printed materials)

 

Arrupe Library. PO Box MP320 Mt Pleasant, Harare, Zimbabwe
263 242 745411|librarian@aju.ac.zw